| 000 | 00614nam a22001817a 4500 | ||
|---|---|---|---|
| 005 | 20100910152154.0 | ||
| 020 |
_a9780709027966 _c₤ 15.95 |
||
| 037 | _bPrakash Books | ||
| 082 | _a796.345 | ||
| 100 |
_aDavis, Pat _919552 |
||
| 245 |
_aThe encyclopaedia of badmiton / _cby Pat Davis |
||
| 260 |
_aLondon _bRobert Hale _c1987 |
||
| 270 | _bLondon | ||
| 300 |
_axii, 201p. _c25cm(Hb) |
||
| 942 |
_2ddc _cEN _h796.345 _mDAV |
||
| 999 |
_c45202 _d45202 |
||